Giáo trình quản lý và khai thác tài nguyên đất đai

Giáo trình nghiên cứu về tài nguyên đất đai, đặc tính các loại đất, quản lý và sử dụng đất đai.

Đã lưu trong:
书目详细资料
主要作者: Võ, Quang Minh
格式: 图书
语言:Undetermined
出版: Cần Thơ Nxb. Đại Học Cần Thơ 2013
主题:
标签: 添加标签
没有标签, 成为第一个标记此记录!
Thư viện lưu trữ: Trung tâm Học liệu Trường Đại học Cần Thơ
LEADER 00967nam a2200229Ia 4500
001 CTU_181736
008 210402s9999 xx 000 0 und d
020 |c 41000 
082 |a 354.34 
082 |b M312 
100 |a Võ, Quang Minh 
245 0 |a Giáo trình quản lý và khai thác tài nguyên đất đai 
245 0 |c Võ Quang Minh, Lê Văn Khoa 
260 |a Cần Thơ 
260 |b Nxb. Đại Học Cần Thơ 
260 |c 2013 
520 |a Giáo trình nghiên cứu về tài nguyên đất đai, đặc tính các loại đất, quản lý và sử dụng đất đai. 
526 |a Quản lý và khai thác tài nguyên đất đai,Quản lý khai thác tài nguyên Đất đai nâng cao 
526 |b SP447,MT907 
650 |a Soil management,Quản lý đất đai 
904 |i Tuyến, Lê Thị Cẩm Giang 
980 |a Trung tâm Học liệu Trường Đại học Cần Thơ